MARC

LEADER 00000cam a2200000 7i4500
001 0000022814
005 20101214.0
008 081022 my a f may
040 |a INS 
090 0 0 |a M259 
110 1 |a Kursus bina insan - Kuasa fitrah ,   |d 2010 11 - 14 Januari   |c INSPEN, Bangi 
245 0 0 |a Kursus bina insan - Kuasa fitrah :   |b 11 - 14 Januari 2010   |c Anjuran Pusat Pengurusan dan Teknologi Maklumat, INSPEN 
260 |a Bangi :   |b Institut Penilaian Negara ,   |c 2010 
300 |a 1v. (Various pagings) :   |b ill. ;   |c 30 cm. 
650 0 |a Islam   |x Psychology 
650 0 0 |a Self - confidence 
650 0 0 |a Self - esteam 
710 1 |a INSPEN ( Institut Penilaian Negara ) 
856 |u http://app.inspen.gov.my:7779/pls/portal/docs/PAGE/CORPORATEPAGES/PORTAL_INSPEN/NOTA_KURSUS/MANAGEMENT/27%20KURSUS%20BINA%20INSAN-KUASA%20FITRAH.PDF 
999 |a M000000575   |b BOOK   |c Course Notes   |e Default branch 
999 |a M000000576   |b BOOK   |c Course Notes   |e Default branch 
999 |a M000000631   |b BOOK   |c Course Notes   |e Default branch